LEADER 04172nam 2200709 450 001 9910809599703321 005 20200917021826.0 010 $a3-11-045048-8 010 $a3-11-045191-3 024 7 $a10.1515/9783110451917 035 $a(CKB)3710000000609743 035 $a(EBL)4426449 035 $a(SSID)ssj0001624584 035 $a(PQKBManifestationID)16361381 035 $a(PQKBTitleCode)TC0001624584 035 $a(PQKBWorkID)14902490 035 $a(PQKB)10488492 035 $a(DE-B1597)459601 035 $a(OCoLC)951147481 035 $a(DE-B1597)9783110451917 035 $a(MiAaPQ)EBC4426449 035 $a(Au-PeEL)EBL4426449 035 $a(CaPaEBR)ebr11163746 035 $a(CaONFJC)MIL900983 035 $a(OCoLC)945612182 035 $a(EXLCZ)993710000000609743 100 $a20160317h20162016 uy 0 101 0 $ager 135 $aur|n|---||||| 181 $ctxt 182 $cc 183 $acr 200 14$aDer sensus communis bei Kant $ezwischen erkenntnis, moralita?t und scho?nheit /$fZhengmi Zhouhuang 210 1$aBerlin, [Germany] ;$aBoston, [Massachusetts] :$cDe Gruyter,$d2016. 210 4$d©2016 215 $a1 online resource (142 p.) 225 1 $aKantstudien-Erga?nzungshefte,$x0340-6059 ;$vBand 187 300 $aDescription based upon print version of record. 311 $a3-11-045017-8 320 $aIncludes bibliographical references and index. 327 $tFrontmatter -- $tInhalt -- $tAbkürzungsverzeichnis -- $tEinleitung -- $t1. Historischer Hintergrund und Worterklärung -- $t2. Erkenntnis ? Der sensus communis logicus -- $t3. Moralität ? Der sensus communis practicus -- $t4. Schönheit ? Der sensus communis aestheticus -- $t5. Zusammenfassung -- $tLiteraturverzeichnis -- $tPersonenregister -- $tSachregister 330 $aSinnlichkeit und Intersubjektivität, in jüngerer Zeit immer mehr im Mittelpunkt des philosophischen Interesses, werden in dieser Studie in Bezug auf den sensus communis bei Kant analysiert und erfahren hier eine Aufwertung im Kontext seiner gesamten Philosophie. Theoretischer, praktischer und ästhetischer Gemeinsinn werden erstmals spezifisch identifiziert und neuartig im Sinne Kants systematisiert. Im gemeinen Verstand findet sich die Tendenz vom Aposteriori zum Apriori ? hier vermittelt Intersubjektivität ?, umgekehrt findet sich mit dem moralischen Gefühl ein Niederschlag der Intellektualität in der Sinnlichkeit ? hier vermittelt Intrasubjektivität. Nur durch beide Richtungen kann das sinnlich-vernünftige Wesen seine Intellektualität verwirklichen. Die Linien treffen sich im ästhetischen sensus communis, der die intrasubjektive Harmonisierung von Sinnlichkeit und Intellektualität mit der intersubjektiven Mitteilbarkeit kondensiert. Die systematische und architektonische Funktion der ?Kritik der Urteilskraft? besteht somit nicht nur in der Überbrückung von Natur und Freiheit, sondern auch in der vom sensus communis erreichten Vereinbarkeit von Sinnlichkeit und Intellektualität sowie von Inter- und Intrasubjektivität. 330 $aThe sensus communis imparts a priori and a posteriori, intellect and sensuality, intersubjectivity and intrasubjectivity. The study analyzes the meanings and functions of the term in Kant?s work as a whole, following Kant?s own classification of philosophy. It investigates the sensus communis logicus in the theoretical realm, the sensus communis aestheticus in the aesthetic realm, and the sensus communis practicus in the practical realm. 410 0$aKantstudien.$pErga?nzungshefte ;$vBand 187. 606 $aAesthetics 606 $aIntersubjectivity 610 $aKant, Immanuel. 610 $aaesthethics. 610 $acommon sense. 610 $amoral philosophy. 615 0$aAesthetics. 615 0$aIntersubjectivity. 676 $a193 686 $aCF 5017$qDE-24/20sred$2rvk 700 $aZhouhuang$b Zhengmi$f1982-$01625761 801 0$bMiAaPQ 801 1$bMiAaPQ 801 2$bMiAaPQ 906 $aBOOK 912 $a9910809599703321 996 $aDer sensus communis bei Kant$93961445 997 $aUNINA LEADER 01520nam 22005055u 450 001 9910148822703321 005 20211006144743.0 010 $a9783318042795 010 $a331804279X 035 $a(CKB)3780000000102370 035 $a(OCoLC)1046108654 035 $a(SZ-BaSKA)218700 035 $a(MiAaPQ)EBC31864758 035 $a(Au-PeEL)EBL31864758 035 $a(EXLCZ)993780000000102370 100 $a20211006d1975 uy 0 101 0 $aeng 135 $aurunu||||| 181 $ctxt$2rdacontent 182 $cc$2rdamedia 183 $acr$2rdacarrier 200 10$aAging Gametes: Their Biology and Pathology : $eInternational Symposium of Aging Gametes, Seattle, Wash., 1973: Proceedings / $f editor, R.J. Blandeau 205 $a1st ed. 210 $aBasel : $cS. Karger, $d1975 215 $a1 online resource (XII + 415 pages) : $c 148 figures, 61 tables 311 08$a9783805518420 311 08$a3805518420 517 $aAging Gametes 606 $aGerontology / Geriatrics 606 $aPreventive Medicine 606 $aSocial Medicine 606 $aPsychology 615 14$aGerontology / Geriatrics 615 14$aPreventive Medicine 615 14$aSocial Medicine 615 24$aPsychology 676 $a591.1/6 700 $aBlandeau$b R.J$01215387 701 $aBlandau$b Richard J$01231185 801 0$bUKSKG 801 1$bUKSKG 906 $aBOOK 912 $a9910148822703321 996 $aAging Gametes: Their Biology and Pathology$92858623 997 $aUNINA